Research project on employment and unemployment among the educated. (Record no. 46296)
[ view plain ]
| 000 -LEADER | |
|---|---|
| fixed length control field | 00672cam a22002291 4500 |
| 001 - CONTROL NUMBER | |
| control field | ne 63002040 |
| 003 - CONTROL NUMBER IDENTIFIER | |
| control field | DLC |
| 005 - DATE AND TIME OF LATEST TRANSACTION | |
| control field | 20260227111750.0 |
| 008 - FIXED-LENGTH DATA ELEMENTS--GENERAL INFORMATION | |
| fixed length control field | 830422s1963 ua a 000 0 eng |
| 010 ## - LIBRARY OF CONGRESS CONTROL NUMBER | |
| LC control number | ne 63002040 |
| 035 ## - SYSTEM CONTROL NUMBER | |
| System control number | (OCoLC)16762067 |
| 040 ## - CATALOGING SOURCE | |
| Original cataloging agency | DLC |
| Transcribing agency | OrPS |
| Modifying agency | DLC |
| 042 ## - AUTHENTICATION CODE | |
| Authentication code | premarc |
| 043 ## - GEOGRAPHIC AREA CODE | |
| Geographic area code | f-ua--- |
| 050 00 - LIBRARY OF CONGRESS CALL NUMBER | |
| Classification number | HD5839 |
| Item number | .C3 |
| 110 2# - MAIN ENTRY--CORPORATE NAME | |
| Corporate name or jurisdiction name as entry element | Maʻhad al-Takhṭīṭ al-Qawmī (Egypt) |
| 245 10 - TITLE STATEMENT | |
| Title | Research project on employment and unemployment among the educated. |
| 260 ## - PUBLICATION, DISTRIBUTION, ETC. | |
| Place of publication, distribution, etc. | [Cairo, |
| Date of publication, distribution, etc. | 1963] |
| 300 ## - PHYSICAL DESCRIPTION | |
| Extent | 8 v. |
| Other physical details | tables. |
| Dimensions | 28 cm. |
| 650 #0 - SUBJECT ADDED ENTRY--TOPICAL TERM | |
| Topical term or geographic name entry element | Unemployed |
| Geographic subdivision | United Arab Republic. |
| 740 0# - ADDED ENTRY--UNCONTROLLED RELATED/ANALYTICAL TITLE | |
| Uncontrolled related/analytical title | Employment and unemployment among the educated. |
No items available.